[Event "4. ODEM U25 2007"]
[Site "Willingen GER"]
[Date "2007.05.27"]
[Round "1"]
[White "Klebanov, Andrej"]
[Black "Weißbeck, Joachim Daniel"]
[Result "1-0"]
[Termination "normal"]
[Board "31"]
[WhiteElo "1834"]
[BlackElo "1350"]
[PlyCount "65"]
[WhiteFideId "24669989"]
[BlackFideId "4639227"]
[EventCountry "GER"]
[EventRounds "9"]
[EventType "swiss"]
[EventDate "2007.05.26"]

1. d4 f5 2. g3 Nf6 3. Bg2 g6 4. c4 Bg7 5. Nc3 O-O 6. Nh3 c6 7. O-O d6 8. Qb3
Qe8 9. Qa3 Nbd7 10. Rb1 Nb6 11. c5 dxc5 12. Qxc5 Nfd7 13. Qb4 e5 14. Qb3+ Kh8
15. d5 cxd5 16. Nxd5 Nxd5 17. Bxd5 Nb6 18. e4 Qa4 19. Ng5 Qxb3 20. Bxb3 h6 21.
Nf7+ Kh7 22. Be3 Bd7 23. Bxb6 axb6 24. exf5 gxf5 25. Rfd1 Bc6 26. Rd6 Ra5 27.
Rbd1 Rb5 28. Nd8 Rc5 29. Ne6 Re8 30. Nxc5 bxc5 31. Bd5 Bxd5 32. R1xd5 Bf8 33.
Rd7+ 1-0

[Event "4. ODEM U25 2007"]
[Site "Willingen GER"]
[Date "2007.05.27"]
[Round "1"]
[White "Leddin, Mathias"]
[Black "Tiemann, Christoph"]
[Result "1/2-1/2"]
[Termination "normal"]
[Board "32"]
[WhiteElo "1292"]
[BlackElo "1902"]
[PlyCount "41"]
[WhiteFideId "4654684"]
[BlackFideId "24676900"]
[EventCountry "GER"]
[EventRounds "9"]
[EventType "swiss"]
[EventDate "2007.05.26"]

1. e4 c5 2. Nf3 e6 3. d4 cxd4 4. Nxd4 Nc6 5. Nc3 Qc7 6. Be2 a6 7. O-O Nf6 8.
Be3 Bb4 9. Qd3 Ne5 10. Bf4 Nxd3 11. Bxc7 Nxb2 12. Nd1 Nxd1 13. Rfxd1 Nxe4 14.
Rab1 Be7 15. Rb3 d5 16. c4 dxc4 17. Bxc4 O-O 18. Be2 Nc5 19. Rbb1 b5 20. Nc6
Bf6 21. Bd6 1/2-1/2

[Event "4. ODEM U25 2007"]
[Site "Willingen GER"]
[Date "2007.05.27"]
[Round "1"]
[White "Blübaum, Bettina"]
[Black "Usov, Andreas"]
[Result "1-0"]
[Termination "normal"]
[Board "33"]
[WhiteElo "1992"]
[BlackElo "1273"]
[PlyCount "141"]
[WhiteFideId "24637947"]
[BlackFideId "24601713"]
[EventCountry "GER"]
[EventRounds "9"]
[EventType "swiss"]
[EventDate "2007.05.26"]

1. d4 d5 2. c4 e6 3. Nc3 Nf6 4. cxd5 exd5 5. Bg5 Be7 6. e3 a6 7. Bd3 Nc6 8. a3
h6 9. Bh4 Be6 10. Nge2 Ng4 11. Bg3 Bh4 12. Qd2 Bxg3 13. Nxg3 O-O 14. f3 Nf6 15.
O-O Re8 16. Rae1 Re7 17. Bb1 Qd6 18. Nce2 Rd8 19. Nf4 Ree8 20. Qc2 g6 21. Nxg6
Bc8 22. Nf4 Nxd4 23. Qd3 Ne6 24. Nfh5 Nf8 25. Qd4 N8d7 26. Nf5 Qe5 27. Nxh6+
Kf8 28. Nxf6 Nxf6 29. Qxe5 Rxe5 30. g4 Rde8 31. Kf2 Nd7 32. Nf5 Nc5 33. Nd4 Ne6
34. f4 Nxd4 35. fxe5 Nc6 36. h3 Nxe5 37. Re2 Bd7 38. Rfe1 Kg7 39. Rd2 c6 40.
Ba2 Rf8 41. e4 dxe4 42. Rxe4 f5 43. Rxe5 fxg4+ 44. Kg1 Bc8 45. hxg4 Kf6 46.
Rf2+ Kxe5 47. Rxf8 Bxg4 48. Rd8 Bf3 49. Kf2 Bh1 50. Ke3 a5 51. Ra8 b6 52. Ra6
b5 53. Rxa5 Kd6 54. a4 bxa4 55. Rxa4 Kc5 56. Rh4 Bg2 57. Kd2 Kb5 58. Kc3 Kb6
59. b4 Kb7 60. Bb3 Kb6 61. Ba4 Kb7 62. b5 cxb5 63. Bxb5 Kb6 64. Kb4 Bf3 65.
Rh6+ Kc7 66. Kc5 Be4 67. Rf6 Bb7 68. Rf7+ Kb8 69. Kb6 Ba6 70. Bxa6 Ka8 71. Rf8#
1-0

[Event "4. ODEM U25 2007"]
[Site "Willingen GER"]
[Date "2007.05.27"]
[Round "1"]
[White "Bauer, Hermann"]
[Black "Thier, Simon"]
[Result "0-1"]
[Termination "normal"]
[Board "34"]
[WhiteElo "1266"]
[BlackElo "1791"]
[PlyCount "82"]
[WhiteFideId "24601730"]
[BlackFideId "24601586"]
[EventCountry "GER"]
[EventRounds "9"]
[EventType "swiss"]
[EventDate "2007.05.26"]

1. d4 Nf6 2. Bf4 d6 3. e3 g6 4. h3 Bg7 5. Nd2 Nbd7 6. Ngf3 O-O 7. Bh2 Re8 8.
Be2 e5 9. dxe5 Nxe5 10. O-O Bd7 11. Re1 Bc6 12. c3 Nfd7 13. Qc2 Rb8 14. Nd4 Bd5
15. Red1 Nc6 16. N2f3 f5 17. Nb3 Be4 18. Bd3 Bxf3 19. gxf3 Nce5 20. Be2 Kh8 21.
Kh1 Nf7 22. Rg1 Qh4 23. Bf1 Qf6 24. Bg3 g5 25. f4 g4 26. hxg4 fxg4 27. Kg2 Qe6
28. Rh1 Nf6 29. Rd1 Ne4 30. Bd3 d5 31. Rh2 Nfd6 32. Rdh1 h6 33. Nd4 Qd7 34. Qe2
c5 35. Nb5 Nxg3 36. Kxg3 c4 37. Nxd6 cxd3 38. Rxh6+ Bxh6 39. Rxh6+ Kg7 40. Rg6+
Kxg6 41. Qxd3+ Kf6 0-1

[Event "4. ODEM U25 2007"]
[Site "Willingen GER"]
[Date "2007.05.27"]
[Round "1"]
[White "Gonnermann, Jan"]
[Black "Bergmeyer, Sebastian"]
[Result "1-0"]
[Termination "normal"]
[Board "35"]
[WhiteElo "1767"]
[BlackElo "1246"]
[PlyCount "54"]
[WhiteFideId "24646830"]
[BlackFideId "24602078"]
[EventCountry "GER"]
[EventRounds "9"]
[EventType "swiss"]
[EventDate "2007.05.26"]

1. e4 d5 2. exd5 Qxd5 3. Nc3 Qa5 4. Nf3 Nf6 5. Bc4 Bg4 6. O-O Nbd7 7. d3 c6 8.
Bd2 e6 9. Nd5 Qd8 10. Ne3 Bh5 11. Bc3 Bd6 12. Re1 O-O 13. Nf1 Qc7 14. Ng3 Bg4
15. d4 Rfe8 16. Qd3 e5 17. Ng5 Be6 18. Nxe6 fxe6 19. Ne4 Nxe4 20. Qxe4 Re7 21.
dxe5 Bc5 22. Qg4 Rae8 23. b4 Bb6 24. Rad1 a6 25. Rd6 Rd8 26. Bxe6+ Kh8 27. Bxd7
Rdxd7 1-0

[Event "4. ODEM U25 2007"]
[Site "Willingen GER"]
[Date "2007.05.27"]
[Round "1"]
[White "Herbst, Matthew"]
[Black "Bart, Simon"]
[Result "0-1"]
[Termination "normal"]
[Board "36"]
[WhiteElo "1244"]
[BlackElo "1939"]
[PlyCount "56"]
[WhiteFideId "24601950"]
[BlackFideId "24637327"]
[EventCountry "GER"]
[EventRounds "9"]
[EventType "swiss"]
[EventDate "2007.05.26"]

1. e4 e5 2. Nf3 Nc6 3. d4 exd4 4. Nxd4 Bc5 5. Be3 Qf6 6. c3 Nge7 7. Bc4 Ne5 8.
Be2 d5 9. Nd2 O-O 10. O-O Bb6 11. Qb3 c5 12. Nc2 Rd8 13. exd5 Nxd5 14. c4 Nf4
15. Bf3 Rd3 16. Qxd3 Nxf3+ 17. Nxf3 Nxd3 18. b3 Bg4 19. Nd2 Qc6 20. Kh1 Be2 21.
Rg1 Re8 22. h3 Bc7 23. Rgb1 Rxe3 24. Nxe3 Nxf2+ 25. Kg1 Nxh3+ 26. Kh1 Qh6 27.
gxh3 Qxh3+ 28. Kg1 Qh2# 0-1

[Event "4. ODEM U25 2007"]
[Site "Willingen GER"]
[Date "2007.05.27"]
[Round "1"]
[White "Hinz, Arne"]
[Black "Holle, Cedric"]
[Result "1-0"]
[Termination "normal"]
[Board "37"]
[WhiteElo "1755"]
[BlackElo "1220"]
[PlyCount "59"]
[WhiteFideId "24634875"]
[BlackFideId "24692158"]
[EventCountry "GER"]
[EventRounds "9"]
[EventType "swiss"]
[EventDate "2007.05.26"]

1. e4 e5 2. Nf3 Nc6 3. Bb5 a6 4. Ba4 b5 5. Bb3 Bc5 6. c3 Nf6 7. d4 exd4 8. e5
Qe7 9. cxd4 Nxd4 10. Nxd4 Qxe5+ 11. Be3 d5 12. h3 Bb6 13. O-O O-O 14. Nc3 Rd8
15. Nc6 Qd6 16. Nxd8 d4 17. Nxf7 Qc5 18. Ng5+ Kf8 19. Nce4 Nxe4 20. Nxe4 Qe5
21. Qf3+ Bf5 22. Ng3 dxe3 23. Qxa8+ Ke7 24. Nxf5+ Qxf5 25. fxe3 Bxe3+ 26. Kh1
Qe5 27. Qf8+ Kd7 28. Qf5+ Qxf5 29. Rxf5 Bd4 30. Rd1 1-0

[Event "4. ODEM U25 2007"]
[Site "Willingen GER"]
[Date "2007.05.27"]
[Round "1"]
[White "Yin, Zixiao"]
[Black "Lange, Marcus"]
[Result "1-0"]
[Termination "normal"]
[Board "39"]
[WhiteElo "1932"]
[BlackElo "1181"]
[PlyCount "69"]
[WhiteFideId "24622729"]
[EventCountry "GER"]
[EventRounds "9"]
[EventType "swiss"]
[EventDate "2007.05.26"]

1. c3 d5 2. d3 e5 3. Na3 Bxa3 4. Qa4+ Nc6 5. Qxa3 Nge7 6. g3 O-O 7. Bg2 Be6 8.
Nf3 Ng6 9. O-O h6 10. Nd2 Qd7 11. e4 Rfd8 12. f4 f5 13. g4 fxe4 14. f5 exd3 15.
Nb3 Bf7 16. Nc5 Qc8 17. fxg6 Bxg6 18. g5 Kh7 19. gxh6 gxh6 20. Rf3 e4 21. Bh3
Qb8 22. Rg3 a5 23. Nd7 Qa7+ 24. Be3 b6 25. Bd4 Qa6 26. Nf6+ Kg7 27. Nxe4+ Kf7
28. Rf1+ Kg8 29. Be6+ Kh7 30. Rf7+ Bxf7 31. Rg7+ Kh8 32. Qe7 Nxe7 33. Rxf7+ Kg8
34. Nf6+ Kh8 35. Rh7# 1-0

[Event "4. ODEM U25 2007"]
[Site "Willingen GER"]
[Date "2007.05.27"]
[Round "1"]
[White "Steimbach, Isabel"]
[Black "Paniflenko, Wladimir"]
[Result "0-1"]
[Termination "normal"]
[Board "40"]
[WhiteElo "1166"]
[BlackElo "1721"]
[PlyCount "58"]
[WhiteFideId "24692174"]
[BlackFideId "4658299"]
[EventCountry "GER"]
[EventRounds "9"]
[EventType "swiss"]
[EventDate "2007.05.26"]

1. e4 d5 2. exd5 Qxd5 3. Nc3 Qa5 4. d4 c6 5. Bd2 Nf6 6. Nf3 Bf5 7. Bc4 Qc7 8.
Ng5 e6 9. O-O Bd6 10. g3 Nbd7 11. Be2 h5 12. Nf3 O-O-O 13. Bg5 Rdg8 14. Bh4 Nd5
15. Nxd5 exd5 16. Ng5 f6 17. Nf7 Rh7 18. Nxd6+ Qxd6 19. g4 hxg4 20. Bg3 Qe6 21.
Re1 Re8 22. Bd3 Be4 23. Be2 f5 24. f3 gxf3 25. Bxf3 g5 26. Bxe4 dxe4 27. Qd2 f4
28. Bf2 Qg4+ 29. Kf1 Rxh2 0-1

[Event "4. ODEM U25 2007"]
[Site "Willingen GER"]
[Date "2007.05.27"]
[Round "1"]
[White "Schwarzat, Julian"]
[Black "Wolff, Cascal"]
[Result "1-0"]
[Termination "normal"]
[Board "41"]
[WhiteElo "1896"]
[BlackElo "1157"]
[PlyCount "57"]
[WhiteFideId "24675857"]
[BlackFideId "4642465"]
[EventCountry "GER"]
[EventRounds "9"]
[EventType "swiss"]
[EventDate "2007.05.26"]

1. e4 c5 2. Nf3 Nc6 3. d4 cxd4 4. Nxd4 d6 5. c4 g6 6. Nc3 Bg7 7. Be3 Bd7 8. Be2
Nf6 9. O-O O-O 10. Qd2 a6 11. f3 Rc8 12. Rac1 e6 13. Nb3 Qc7 14. Rfd1 Ne8 15.
c5 Rd8 16. cxd6 Qb8 17. Bb6 Rc8 18. Nc5 Bd4+ 19. Kh1 Bxc5 20. Bxc5 b5 21. Be3
Nf6 22. Bg5 Nh5 23. Be7 Rfe8 24. g4 Ng7 25. Bf6 Rf8 26. Qh6 Ne8 27. Be7 Ng7 28.
Bxf8 Rxf8 29. Qe3 1-0

[Event "4. ODEM U25 2007"]
[Site "Willingen GER"]
[Date "2007.05.27"]
[Round "1"]
[White "Valet, Alexander"]
[Black "Werner, Patrick"]
[Result "0-1"]
[Termination "normal"]
[Board "42"]
[WhiteElo "1155"]
[BlackElo "1714"]
[PlyCount "64"]
[WhiteFideId "24682560"]
[BlackFideId "24601608"]
[EventCountry "GER"]
[EventRounds "9"]
[EventType "swiss"]
[EventDate "2007.05.26"]

1. e4 c5 2. Nf3 d6 3. d4 cxd4 4. Nxd4 Nf6 5. Nc3 a6 6. Bg5 e6 7. Bc4 Qa5 8.
Bxf6 gxf6 9. Qd2 h5 10. Bb3 Nd7 11. Qd3 Ne5 12. Qe2 Qc5 13. Nf3 Ng6 14. Qc4
Qxc4 15. Bxc4 b5 16. Bb3 Bb7 17. O-O-O b4 18. Ne2 Bxe4 19. Rd4 d5 20. Ng3 Bc5
21. Rd2 Bxf3 22. gxf3 a5 23. Ba4+ Ke7 24. Re1 Rad8 25. Nf5+ Kf8 26. Nd4 Ne5 27.
Rd3 Bxd4 28. Rxd4 Nxf3 29. Rdd1 Nxe1 30. Rxe1 Rg8 31. f3 Rg2 32. h4 Rh2 0-1

[Event "4. ODEM U25 2007"]
[Site "Willingen GER"]
[Date "2007.05.27"]
[Round "1"]
[White "Srokovskiy, Alexander"]
[Black "Greif, Gavin"]
[Result "1-0"]
[Termination "normal"]
[Board "43"]
[WhiteElo "1760"]
[BlackElo "1151"]
[PlyCount "103"]
[WhiteFideId "24676330"]
[BlackFideId "24662429"]
[EventCountry "GER"]
[EventRounds "9"]
[EventType "swiss"]
[EventDate "2007.05.26"]

1. e4 e5 2. Nf3 Nc6 3. d4 exd4 4. Nxd4 Nf6 5. Nc3 Bb4 6. Nxc6 bxc6 7. Bd3 O-O
8. O-O d5 9. exd5 cxd5 10. Bg5 Be6 11. Na4 Rb8 12. c3 Be7 13. Bc2 Qd7 14. Qd3
Bf5 15. Qxf5 Qxf5 16. Bxf5 Rb5 17. Bxf6 Bxf6 18. Bd7 Rb7 19. Bc6 Rbb8 20. Bxd5
Rb5 21. Bc6 Rh5 22. Rfe1 g6 23. Re8 Rxe8 24. Bxe8 Be5 25. g3 Rf5 26. Re1 Kf8
27. Bd7 Rh5 28. f4 Bd6 29. c4 Bb4 30. Re8+ Kg7 31. Re5 Rxe5 32. fxe5 Kf8 33. a3
Bd2 34. Kf2 Ke7 35. Nc5 Bc1 36. Nd3 Bg5 37. Bc6 h6 38. h4 Bd2 39. Ke2 Ba5 40.
b4 Bb6 41. c5 Ke6 42. cxb6 axb6 43. a4 Kf5 44. a5 Kg4 45. Kf2 g5 46. Bf3+ Kh3
47. a6 f6 48. a7 f5 49. a8=Q g4 50. Bh1 f4 51. Nxf4+ Kh2 52. Qg2# 1-0

[Event "4. ODEM U25 2007"]
[Site "Willingen GER"]
[Date "2007.05.27"]
[Round "1"]
[White "Holle, Eric"]
[Black "Pfleger, Jochen"]
[Result "0-1"]
[Termination "normal"]
[Board "44"]
[WhiteElo "1118"]
[BlackElo "1918"]
[PlyCount "72"]
[WhiteFideId "4624610"]
[BlackFideId "24641634"]
[EventCountry "GER"]
[EventRounds "9"]
[EventType "swiss"]
[EventDate "2007.05.26"]

1. e4 e6 2. d4 d5 3. e5 c5 4. c3 Qb6 5. Nf3 Nc6 6. Qa4 Bd7 7. Bb5 a6 8. Bxc6
Bxc6 9. Qb3 Qc7 10. O-O Ne7 11. Re1 Nf5 12. Bg5 h6 13. Be3 Nxe3 14. Rxe3 Be7
15. Nbd2 O-O 16. Rd1 Qa5 17. Ree1 cxd4 18. Qc2 dxc3 19. Qxc3 Bb4 20. Qc2 Ba4
21. b3 Rac8 22. Qb2 Bb5 23. a4 Bd3 24. Qd4 Bc2 25. Rc1 Bc3 26. Qe3 Bb2 27. Nd4
Bxc1 28. Rxc1 Rc3 29. b4 Qc7 30. Qf4 Bxa4 31. N2b3 Bxb3 32. Nxb3 Rxc1+ 33. Qxc1
Qxc1+ 34. Nxc1 Rc8 35. Nd3 Rc3 36. Nc5 Rc1# 0-1

[Event "4. ODEM U25 2007"]
[Site "Willingen GER"]
[Date "2007.05.27"]
[Round "1"]
[White "Heider, Dirk"]
[Black "Nobis, Philipp"]
[Result "1-0"]
[Termination "normal"]
[Board "45"]
[WhiteElo "1862"]
[BlackElo "1103"]
[PlyCount "57"]
[WhiteFideId "24668370"]
[BlackFideId "24602183"]
[EventCountry "GER"]
[EventRounds "9"]
[EventType "swiss"]
[EventDate "2007.05.26"]

1. e4 c5 2. Nf3 Nc6 3. Bc4 g6 4. c3 Bg7 5. d3 d6 6. O-O Nf6 7. Bg5 O-O 8. Nbd2
Bd7 9. a3 a5 10. Re1 Re8 11. d4 cxd4 12. cxd4 Qb6 13. Be3 Ng4 14. d5 Nxe3 15.
Rxe3 Ne5 16. Nxe5 Bxe5 17. Nf3 Bg7 18. Rb1 Qc5 19. Be2 Bb5 20. Bxb5 Qxb5 21. h4
h5 22. Ng5 Bh6 23. Rg3 Qc4 24. b3 Qb5 25. Nxf7 Kxf7 26. Qf3+ Kg7 27. Qxh5 Bd2
28. Qxg6+ Kh8 29. Qg7# 1-0

[Event "4. ODEM U25 2007"]
[Site "Willingen GER"]
[Date "2007.05.27"]
[Round "1"]
[White "Biefel, Christian"]
[Black "Hentschel, Tobias"]
[Result "0-1"]
[Termination "normal"]
[Board "46"]
[WhiteElo "1017"]
[BlackElo "1682"]
[PlyCount "68"]
[WhiteFideId "24692646"]
[EventCountry "GER"]
[EventRounds "9"]
[EventType "swiss"]
[EventDate "2007.05.26"]

1. c4 Nf6 2. Nc3 e5 3. g3 d5 4. Bg2 d4 5. Na4 c5 6. d3 Nc6 7. Bg5 Be7 8. Bxf6
Bxf6 9. Nxc5 Qa5+ 10. Qd2 Qxc5 11. a3 a5 12. Rb1 a4 13. Qc1 Na5 14. Nf3 Nb3 15.
Qc2 Qa5+ 16. Nd2 Bg5 17. Rd1 Bxd2+ 18. Rxd2 Qxd2+ 19. Qxd2 Nxd2 20. Kxd2 Rb8
21. e3 dxe3+ 22. fxe3 O-O 23. Rb1 Bd7 24. b3 axb3 25. Rxb3 Bc6 26. Bh3 Rfd8 27.
Kc3 Rd6 28. Rb2 Rbd8 29. Rd2 Rf6 30. d4 Rf3 31. Bg4 Rxe3+ 32. Kb4 Rxd4 33. Ra2
Rxg4 34. a4 Ree4 0-1

[Event "4. ODEM U25 2007"]
[Site "Willingen GER"]
[Date "2007.05.27"]
[Round "1"]
[White "Bergner, Philipp"]
[Black "Kilic, Ahmet"]
[Result "1-0"]
[Termination "normal"]
[Board "47"]
[WhiteElo "1713"]
[BlackElo "1012"]
[PlyCount "43"]
[WhiteFideId "24664839"]
[EventCountry "GER"]
[EventRounds "9"]
[EventType "swiss"]
[EventDate "2007.05.26"]

1. c4 e5 2. Nc3 d6 3. Nf3 Nc6 4. e3 Nf6 5. d4 Bf5 6. d5 e4 7. dxc6 exf3 8. cxb7
Rb8 9. Qxf3 Qd7 10. h3 c6 11. Be2 Rxb7 12. O-O Be7 13. b3 Rc7 14. Bb2 Qe6 15.
Rfd1 Qe5 16. Rd2 O-O 17. Nd5 Be4 18. Bxe5 Bxf3 19. Nxe7+ Rxe7 20. Bxf6 gxf6 21.
Bxf3 c5 22. Rxd6 1-0

[Event "4. ODEM U25 2007"]
[Site "Willingen GER"]
[Date "2007.05.27"]
[Round "1"]
[White "Richter, Vincenzo"]
[Black "Voss, Chantal"]
[Result "0-1"]
[Termination "normal"]
[Board "48"]
[WhiteElo "1011"]
[BlackElo "1665"]
[PlyCount "44"]
[BlackFideId "4664906"]
[EventCountry "GER"]
[EventRounds "9"]
[EventType "swiss"]
[EventDate "2007.05.26"]

1. e4 e6 2. d4 d5 3. e5 c5 4. Nf3 Nc6 5. Be3 Qb6 6. dxc5 Qxb2 7. Nc3 Qxc3+ 8.
Bd2 Qxc5 9. Be2 Nge7 10. O-O Ng6 11. Bf4 Nxf4 12. Ng5 Nxe5 13. Qd2 Nxe2+ 14.
Qxe2 Bd6 15. Qh5 h6 16. Nf3 Nxf3+ 17. Qxf3 O-O 18. Qg4 e5 19. Rfe1 Bxg4 20. Re3
Qxc2 21. Rg3 Rac8 22. h3 Bf5 0-1

[Event "4. ODEM U25 2007"]
[Site "Willingen GER"]
[Date "2007.05.27"]
[Round "1"]
[White "Frey, Nicole"]
[Black "Schreiber, Justina"]
[Result "1-0"]
[Termination "normal"]
[Board "49"]
[WhiteElo "1790"]
[BlackElo "989"]
[PlyCount "39"]
[WhiteFideId "4690176"]
[BlackFideId "24661570"]
[EventCountry "GER"]
[EventRounds "9"]
[EventType "swiss"]
[EventDate "2007.05.26"]

1. e4 b6 2. d4 e6 3. Nc3 Bb7 4. f3 Nc6 5. Be3 Nf6 6. Bd3 g6 7. Nge2 Bg7 8. Qd2
Nb4 9. Bb5 c6 10. Ba4 Qc7 11. Bf4 Qc8 12. e5 Nbd5 13. Ne4 Qc7 14. Nd6+ Kf8 15.
Bh6 a5 16. c4 Ne7 17. Bxg7+ Kxg7 18. Qg5 Nf5 19. Qxf6+ Kg8 20. Qxf7# 1-0

[Event "4. ODEM U25 2007"]
[Site "Willingen GER"]
[Date "2007.05.27"]
[Round "1"]
[White "Neumair, Dorian"]
[Black "Kahleys, Kevin"]
[Result "0-1"]
[Termination "normal"]
[Board "50"]
[WhiteElo "981"]
[BlackElo "1660"]
[PlyCount "66"]
[BlackFideId "24669601"]
[EventCountry "GER"]
[EventRounds "9"]
[EventType "swiss"]
[EventDate "2007.05.26"]

1. e4 e6 2. d4 d5 3. Nc3 Nf6 4. Bd3 dxe4 5. Bxe4 c5 6. dxc5 Qxd1+ 7. Kxd1 Bxc5
8. Ke2 Nc6 9. Nf3 Nd4+ 10. Nxd4 Bxd4 11. Rd1 Bxc3 12. bxc3 Nxe4 13. c4 Nc3+ 14.
Kd2 Nxd1 15. Kxd1 Ke7 16. Ke1 b6 17. Kf1 Ba6 18. Kg1 Bxc4 19. Ba3+ Kf6 20. Bb2+
Kg6 21. a3 Rad8 22. h3 Rd2 23. Rc1 Rhd8 24. Bc3 Rd1+ 25. Rxd1 Rxd1+ 26. Kh2 Rc1
27. Bb4 Rxc2 28. Kh1 Rxf2 29. Kg1 Rb2 30. Be7 Bd5 31. Kh2 Rxg2+ 32. Kh1 b5 33.
Bc5 Rc2+ 0-1

[Event "4. ODEM U25 2007"]
[Site "Willingen GER"]
[Date "2007.05.27"]
[Round "1"]
[White "Janiesch, Maike"]
[Black "Eggert, Andre"]
[Result "1-0"]
[Termination "normal"]
[Board "51"]
[WhiteElo "1575"]
[BlackElo "972"]
[PlyCount "49"]
[BlackFideId "1270464"]
[EventCountry "GER"]
[EventRounds "9"]
[EventType "swiss"]
[EventDate "2007.05.26"]

1. c4 e5 2. g3 Nf6 3. Bg2 Nc6 4. Nc3 Bb4 5. Nd5 O-O 6. a3 Be7 7. d3 d6 8. Nxf6+
Bxf6 9. Nf3 Bg4 10. O-O h6 11. Rb1 Re8 12. b4 e4 13. dxe4 Rxe4 14. Qd3 Bxf3 15.
Bxf3 Rd4 16. Qc2 Ne5 17. Bxb7 Rxc4 18. Qb3 Rb8 19. Bd5 Rd4 20. e3 Rd3 21. Qa2
Qe7 22. Be4 Nf3+ 23. Bxf3 Bd4 24. Qe2 Rxe3 25. fxe3 1-0

[Event "4. ODEM U25 2007"]
[Site "Willingen GER"]
[Date "2007.05.27"]
[Round "1"]
[White "Thanabalasingam, Ajandhan"]
[Black "Weber, Yannik"]
[Result "1-0"]
[Termination "normal"]
[Board "53"]
[WhiteElo "1649"]
[BlackElo "800"]
[PlyCount "43"]
[WhiteFideId "24601659"]
[BlackFideId "24692700"]
[EventCountry "GER"]
[EventRounds "9"]
[EventType "swiss"]
[EventDate "2007.05.26"]

1. e4 e5 2. Nf3 Nc6 3. Bb5 Nf6 4. O-O Bc5 5. c3 O-O 6. d4 exd4 7. cxd4 Bb4 8.
Bg5 Qe8 9. Bxf6 gxf6 10. Bd3 d6 11. Nc3 Kh8 12. Nd5 Qd8 13. Bc2 Rg8 14. Qd3 Rg7
15. a3 Bh3 16. Nh4 Qg8 17. Qxh3 Ba5 18. Nxf6 Qd8 19. Nh5 Rg5 20. Nf5 Qg8 21. f4
Rg6 22. e5 1-0